<?xml version="1.0" encoding="UTF-8"?><?xml-stylesheet type="text/xsl" href="static/style.xsl"?><OAI-PMH xmlns="http://www.openarchives.org/OAI/2.0/" xmlns:xsi="http://www.w3.org/2001/XMLSchema-instance" xsi:schemaLocation="http://www.openarchives.org/OAI/2.0/ http://www.openarchives.org/OAI/2.0/OAI-PMH.xsd"><responseDate>2026-04-18T00:31:25Z</responseDate><request verb="GetRecord" identifier="oai:www.recercat.cat:2072/180446" metadataPrefix="marc">https://recercat.cat/oai/request</request><GetRecord><record><header><identifier>oai:recercat.cat:2072/180446</identifier><datestamp>2024-12-13T09:34:16Z</datestamp><setSpec>com_2072_63425</setSpec><setSpec>com_2072_63424</setSpec><setSpec>com_2072_63412</setSpec><setSpec>com_2072_2015</setSpec><setSpec>col_2072_63426</setSpec></header><metadata><record xmlns="http://www.loc.gov/MARC21/slim" xmlns:dcterms="http://purl.org/dc/terms/" xmlns:xsi="http://www.w3.org/2001/XMLSchema-instance" xmlns:doc="http://www.lyncode.com/xoai" xsi:schemaLocation="http://www.loc.gov/MARC21/slim http://www.loc.gov/standards/marcxml/schema/MARC21slim.xsd">
   <leader>00925njm 22002777a 4500</leader>
   <datafield ind2=" " ind1=" " tag="042">
      <subfield code="a">dc</subfield>
   </datafield>
   <datafield ind2=" " ind1=" " tag="720">
      <subfield code="a">Morales Lara, Jorge</subfield>
      <subfield code="e">author</subfield>
   </datafield>
   <datafield ind2=" " ind1=" " tag="260">
      <subfield code="c">2012-03-07T15:53:29Z</subfield>
   </datafield>
   <datafield ind2=" " ind1=" " tag="520">
      <subfield code="a">El objetivo de este Trabajo Final de Carrera (TFC) es consolidar los conocimientos adquiridos a lo largo de nuestros estudios de Ingeniería Técnica en Informática de Sistemas. Es un documento que contiene el enunciado de un problema del mundo real, que se describe, desgrana, analiza, etc, y que al final se detalla la solución técnica final escogida. Este Trabajo Final de Carrera, a partir de ahora TFC, está enmarcado dentro del área de Almacenes de Datos, utilizando el siguiente software: ORACLE EXPRESS v10.2.0.1 y SQL DEVELOPER. La empresa inmobiliaria Un Techo para Todos, tiene un catalogo de inmuebles de España y Andorra. Necesitan un sistema de información que le permita comparar diferentes zonas, tipos de pisos y precios, para intentar ser más eficientes ajustando la oferta y la demanda, y por consiguiente obteniendo mayores beneficios. El principal problema que nos plantean es que aunque disponen de mucha información, esta no la tienen integrada en un sistema informático optimo( lo tienen en unas hojas de Excel), por lo que no pueden sacarle el rendimiento adecuado.</subfield>
   </datafield>
   <datafield ind2=" " ind1=" " tag="520">
      <subfield code="a">Aquest Treball Final de Carrera, a partir d'ara TFC, està emmarcat dins de l'àrea de Magatzems de Dades, utilitzant el següent programari: ORACLE EXPRESS v10.2.0.1 i SQL DEVELOPER. L'empresa immobiliària Un Sostre per a Tothom, té un catàleg d'immobles d'Espanya i Andorra. Necessiten un sistema d'informació que li permeti comparar diferents zones, tipus de pisos i preus, per intentar ser més eficients ajustant l'oferta i la demanda, i per tant obtenint majors beneficis. El principal problema que ens plantegen és que encara que disposen de molta informació, aquesta no la tenen integrada en un sistema informàtic òptim (el tenen en uns fulls d'Excel), de manera que no poden treure-li el rendiment adequat.</subfield>
   </datafield>
   <datafield ind1="8" ind2=" " tag="024">
      <subfield code="a">http://hdl.handle.net/10609/11702</subfield>
   </datafield>
   <datafield tag="653" ind2=" " ind1=" ">
      <subfield code="a">almacén de datos</subfield>
   </datafield>
   <datafield tag="653" ind2=" " ind1=" ">
      <subfield code="a">magatzem de dades</subfield>
   </datafield>
   <datafield tag="653" ind2=" " ind1=" ">
      <subfield code="a">data warehouse</subfield>
   </datafield>
   <datafield tag="653" ind2=" " ind1=" ">
      <subfield code="a">ETL</subfield>
   </datafield>
   <datafield tag="653" ind2=" " ind1=" ">
      <subfield code="a">ETL</subfield>
   </datafield>
   <datafield tag="653" ind2=" " ind1=" ">
      <subfield code="a">ETL</subfield>
   </datafield>
   <datafield tag="653" ind2=" " ind1=" ">
      <subfield code="a">gestión inmobiliaria</subfield>
   </datafield>
   <datafield tag="653" ind2=" " ind1=" ">
      <subfield code="a">gestió immobiliària</subfield>
   </datafield>
   <datafield tag="653" ind2=" " ind1=" ">
      <subfield code="a">real estate management</subfield>
   </datafield>
   <datafield tag="653" ind2=" " ind1=" ">
      <subfield code="a">Oracle</subfield>
   </datafield>
   <datafield tag="653" ind2=" " ind1=" ">
      <subfield code="a">Oracle</subfield>
   </datafield>
   <datafield tag="653" ind2=" " ind1=" ">
      <subfield code="a">Oracle</subfield>
   </datafield>
   <datafield tag="653" ind2=" " ind1=" ">
      <subfield code="a">Discoverer</subfield>
   </datafield>
   <datafield tag="653" ind2=" " ind1=" ">
      <subfield code="a">Discoverer</subfield>
   </datafield>
   <datafield tag="653" ind2=" " ind1=" ">
      <subfield code="a">Discoverer</subfield>
   </datafield>
   <datafield tag="653" ind2=" " ind1=" ">
      <subfield code="a">SQL</subfield>
   </datafield>
   <datafield tag="653" ind2=" " ind1=" ">
      <subfield code="a">SQL</subfield>
   </datafield>
   <datafield tag="653" ind2=" " ind1=" ">
      <subfield code="a">SQL</subfield>
   </datafield>
   <datafield tag="653" ind2=" " ind1=" ">
      <subfield code="a">análisis multidimensional</subfield>
   </datafield>
   <datafield tag="653" ind2=" " ind1=" ">
      <subfield code="a">multidimensional analysis</subfield>
   </datafield>
   <datafield tag="653" ind2=" " ind1=" ">
      <subfield code="a">anàlisi multidimensional</subfield>
   </datafield>
   <datafield tag="653" ind2=" " ind1=" ">
      <subfield code="a">OLAP</subfield>
   </datafield>
   <datafield tag="653" ind2=" " ind1=" ">
      <subfield code="a">Database design</subfield>
   </datafield>
   <datafield tag="653" ind2=" " ind1=" ">
      <subfield code="a">Bases de dades -- Disseny -- TFC</subfield>
   </datafield>
   <datafield tag="653" ind2=" " ind1=" ">
      <subfield code="a">Bases de datos -- Diseño -- TFC</subfield>
   </datafield>
   <datafield ind2="0" ind1="0" tag="245">
      <subfield code="a">Construcción y explotación de un almacén de datos para el análisis de información inmobiliaria</subfield>
   </datafield>
</record></metadata></record></GetRecord></OAI-PMH>